01248nam a2200241Ia 4500001001100000003001000011008004100021040002500062041001300087100003300100245007600133250001100209260006700220300002600287500017200313501011400485520017200599650001800771942000700789957000600796999004200802952016200844L262-19557IT-CnALBA170116s9999||||xx |||||||||||||| ||und|| aIT-CnALBAcIT-CnALBA aITALIANO aCONGREGAZIONE SACRA DEI RITI 0aTRES ABHINC ANNOS. SECONDA ISTRUZIONE PER L'ESECUZIONE SULLA LITURGIA.  a1a ed. aCINISELLO BALSAMO (MI)bEDIZIONI PAOLINEc1967 [1° Ed.: n.d.] a13 p. (prefazione: 1) aFORMULARI DELLA MESSA, A SCELTA. LE ORAZIONI. VARIANTI NELL'ORDO MISSAE. CASI PARTICOLARI. UFFICIO DIVINO. UFFICIO DEI DEFUNTI. VESTI SACRE. USO DELLA LINGUA VOLGARE.  aSocietà San Paolo EM - Piazza San Paolo, 14 - 12051 ALBA (CN) (non commercial uses only) ® Copyright 2017 aFORMULARI DELLA MESSA, A SCELTA. LE ORAZIONI. VARIANTI NELL'ORDO MISSAE. CASI PARTICOLARI. UFFICIO DIVINO. UFFICIO DEI DEFUNTI. VESTI SACRE. USO DELLA LINGUA VOLGARE.  aECCLESIOLOGIA cBK 71 a24296bNOg Copie: 1 c278678d278678 0010406L_2621955771aALBAbALBAd2017-01-16l0oL262-19557r2017-01-16 00:00:00w2017-01-16yBKz(data import: 16 gennaio 2017) - By Epidotti, Vaglietti.